• 首页
  • 本馆介绍
  • 公告通知
  • 最新文献
  • 馆藏检索
  • 电子资源
  • 读者导购
  • 参考咨询
  • 我的图书馆
  • 登录
  • 详细信息显示
  • 放入我的书架
  • 预约/预借图书
  • 作者相关作品
  • 分类相关作品
  • 丛书相关作品
  • 出版社相关作品

书目信息

  • 表格格式
  • 工作单格式
  • 卡片格式
题名:
解读难民政策
    
 
作者: 闫金红 著
分册:  
出版信息: 北京   人民日报出版社  2014
页数: 228页
开本: 24cm
丛书名:
单 册:
中图分类: D871.20 , D815.6
科图分类:
主题词: 难民问题--美国对外政策--研究
电子资源:
ISBN: 978-7-5115-2385-3
000 01006nam0 2200265 450
001 338371
005 20150602094946.09
010    @a978-7-5115-2385-3@dCNY45.00
100    @a20140605d2014 kemy0chiy50 ea
101 0  @achi
102    @aCN@b110000
105    @ay v 000yy
106    @ar
200 1  @a解读难民政策@Ajie du nan min zheng ce@e意识形态视阈下美国对社会主义国家的研究@f闫金红著
210    @a北京@c人民日报出版社@d2014
215    @a228页@d24cm
300    @a人民日报学术文库
330    @a本书从意识形态的相关理论知识入手, 探讨意识形态与美国对外政策之间的关系, 阐释美国自建国后开始, 其难民政策的演变历程, 探究美国对社会主义国家难民政策的表象。
517 1  @a意识形态视阈下美国对社会主义国家的研究@Ayi shi xing tai shi yu xia mei guo dui she hui zhu yi guo jia de zhi yan jiu
606 0  @a难民问题@x美国对外政策@x研究
690    @aD871.20@v5
690    @aD815.6@v5
701  0 @a闫金红@Ayan jin hong@c(女, @f1979)@4著
801  0 @aCN@b卓展宏图@c20150525
905    @dD871.20@e64@f4
    
    解读难民政策:意识形态视阈下美国对社会主义国家的研究/闫金红著.-北京:人民日报出版社,2014
    228页;24cm
    人民日报学术文库
    
    ISBN 978-7-5115-2385-3:CNY45.00
    本书从意识形态的相关理论知识入手, 探讨意识形态与美国对外政策之间的关系, 阐释美国自建国后开始, 其难民政策的演变历程, 探究美国对社会主义国家难民政策的表象。
●
相关链接 在E读中查询图书 在五车中查询图书 在当当中查询图书 在豆瓣中查询图书


正题名:解读难民政策     索取号:D871.20/64         预约/预借

序号 登录号 条形码 馆藏地/架位号 状态 备注
1 861916   208619164   第一样本阅览室/ [索取号:D871.20/64] 在馆    
2 861917   208619173   第一借阅区/ [索取号:D871.20/64] 在馆    
3 861918   208619182   第一借阅区/ [索取号:D871.20/64] 在馆    
4 861919   208619191   密集书库-史法系/ [索取号:D871.20/64] 在馆    
唐山师范学院图书馆 欢迎您!
大连网信软件有限公司© 版权所有